000 00562 a2200205 4500
999 _c9875
_d9875
022 _INo ISSN
050 _aKTL19.A35SOU1986
100 _aFisher D
_eeditor
245 _aSouth African law reports:
_b1986(2) - April
_cDavid, Fisher
264 _aCape Town:
_bJuta & Company,
_c1986
300 _a287p :
500 _aIncludes index
650 _aLaw reports -- South Africa
651 _aSouth Africa
700 _aBarrow O
_eeditor
700 _akrynauw B
_eeditor
700 _aPotter D
700 _aScholtz W
942 _2lcc
_cSERIALS
_h19.A35
_iSOU
_kKTL